<?xml version="1.0" encoding="UTF-8"?>
<marc:record xmlns:marc="http://www.loc.gov/MARC21/slim">
   <marc:leader>00000nam a2200000 a 4500</marc:leader>
   <marc:datafield ind1="1" ind2=" " tag="100">
      <marc:subfield code="a">Kern, Norbert</marc:subfield>
      <marc:subfield code="4">aut</marc:subfield>
      <marc:subfield code="e">Verfasser/-in</marc:subfield>
   </marc:datafield>
   <marc:datafield ind1="1" ind2=" " tag="100">
      <marc:subfield code="a">Rainer, Eva</marc:subfield>
      <marc:subfield code="4">aut</marc:subfield>
      <marc:subfield code="e">Verfasser/-in</marc:subfield>
   </marc:datafield>
   <marc:datafield ind1="1" ind2=" " tag="100">
      <marc:subfield code="a">Rainer, Gerald</marc:subfield>
      <marc:subfield code="4">aut</marc:subfield>
      <marc:subfield code="e">Verfasser/-in</marc:subfield>
   </marc:datafield>
   <marc:datafield ind1=" " ind2=" " tag="653">
      <marc:subfield code="a">Lernen/Schulbücher Allgemeinbildende Schulen</marc:subfield>
   </marc:datafield>
   <marc:datafield ind1="0" ind2="0" tag="245">
      <marc:subfield code="a">Stichwort Literatur - Neubearbeitung: Schülerbuch</marc:subfield>
   </marc:datafield>
   <marc:datafield ind1="0" ind2="0" tag="245">
      <marc:subfield code="c">Norbert Kern ; Eva Rainer ; Gerald Rainer</marc:subfield>
   </marc:datafield>
   <marc:datafield ind1=" " ind2="1" tag="264">
      <marc:subfield code="a">Berlin</marc:subfield>
      <marc:subfield code="b">Cornelsen Verlag</marc:subfield>
      <marc:subfield code="c">2008</marc:subfield>
   </marc:datafield>
   <marc:datafield ind1="1" ind2=" " tag="520">
      <marc:subfield code="a">Angaben aus der Verlagsmeldung

Stichwort Literatur - Neubearbeitung: Schülerbuch / von Norbert Kern, Eva Rainer, Gerald Rainer

Die Neubearbeitung von
'Stichwort Literatur'
ist weiterhin nach literarischen Epochen strukturiert und mit Arbeitsaufgaben für den Literaturunterricht aufbereitet. Längsschnitte zu Themen wie
'Kriminalroman'
oder
'Liebeslyrik'
setzen besondere Akzente. Neu konzipierte Kapitel (
'Deutschsprachige Literatur nach 1989'
,
' Literatur zum Hören'
) unterstreichen den Schwerpunkt Gegenwartsliteratur.

Zusammenfassungen am Ende jedes Epochen-Kapitels helfen dabei, sich rasch einen Überblick zu verschaffen oder Gelerntes zu wiederholen. Ein ausführlicher Serviceteil für Lehrer/innen ergänzt das Werk.

Durchgehend farbig gestaltet.
</marc:subfield>
   </marc:datafield>
   <marc:datafield ind1=" " ind2=" " tag="020">
      <marc:subfield code="a">9783060255375</marc:subfield>
      <marc:subfield code="9">9783060255375</marc:subfield>
   </marc:datafield>
   <marc:datafield ind1=" " ind2=" " tag="041">
      <marc:subfield code="a">ger</marc:subfield>
   </marc:datafield>
   <marc:datafield ind1=" " ind2=" " tag="300">
      <marc:subfield code="a">576 S.</marc:subfield>
   </marc:datafield>
</marc:record>
